Atlas americano.

Gespeichert in:
Bibliographische Detailangaben
1. Verfasser: Vega, Alejandra (texto)
Weitere Verfasser: Guerra, Natalie (texto), Undurraga, Sol (ilustraciones)
Format: Buch
Sprache:Spanisch
Veröffentlicht: Santiago, Chile: Amanuta, 2021.
Ausgabe:Cuarta edición.
Schriftenreihe:Colección Sin Límites.
Schlagworte:
Tags: Tag hinzufügen
Keine Tags, Fügen Sie den ersten Tag hinzu!

MARC

LEADER 00000nam a22000007a 4500
003 CL-VaPUC
005 20250331150138.0
008 250326t2021 ||||| |||| 00| 0 spa d
999 |c 447668  |d 447666 
020 |a 978-956-364-008-3 
040 |c Pontificia Universidad Católica de Valparaíso 
082 |2 22  |a 912.8 VEG 2021 
100 |9 897580  |a Vega, Alejandra  |e texto 
245 |a Atlas americano. 
250 |a Cuarta edición. 
260 |a Santiago, Chile:  |b Amanuta,  |c 2021. 
300 |a 60 páginas:  |b ilustraciones. 
490 |a Colección Sin Límites. 
500 |a c.1 Donación Prof. Marcela Jarpa A. MEMO FIL. Biblioteca Mayor Filosofía y Educación. 14-01-2025. 
583 |c 20250326  |k Yessy Sthefany Diaz Vidal 
651 0 |9 255027  |a América Latina   |v Mapas geográficos 
651 0 |9 255027  |a América Latina   |x Personajes históricos, tradiciones, etc.  |v Libros ilustrados 
700 |9 897581  |a Guerra, Natalie  |e texto 
700 |9 897582  |a Undurraga, Sol  |e ilustraciones 
942 |2 ddc  |c BK 
952 |0 0  |1 0  |2 ddc  |4 0  |6 912_800000000000000_VEG_2021  |7 0  |8 A  |9 601906  |a BIBEDU  |b BIBEDU  |c BIBEDU_PB  |d 2025-03-26  |e Donación   |i 5666747  |o 912.8 VEG 2021  |p 5666747  |r 2025-03-26  |t 1  |w 2025-03-26  |y BK  |k PAR